000 01084nam a2200277 i 4500
001 102983
003 ES-MaACL
005 20240511063030.0
007 t|
008 051223s1910 sp |||| | spa d
040 _cES-MaACL
080 _a342.731
100 1 _aPérez Bueno, Fernando,
_d1877-1934
_eaut
_990680
245 1 3 _aEl derecho de personalidad y las comunidades religiosas :
_bconferencia pronunciada en la noche del 19 de marzo de 1910 ... [en el Ateneo de Madrid] /
_cFernando Pérez Bueno.
260 _aMadrid :
_b[s.n.,
_c1910]
_f(Imp. y Estereotipia de "El Mundo")
300 _a56 páginas ;
_c20 cm.
500 _aPrecede al tít.: Ateneo de Madrid. Problemas de sociología y política contemporánea
610 2 4 _aAteneo de Madrid-
_vConferencias-
_y1900-1939
_91907
650 4 _aLibertad religiosa.
_914416
650 4 _aÓrdenes y congregaciones religiosas
_915747
852 _aES-MaACL
_cDEPOF
_j2200-F-16
852 _aES-MaACL
_cDEPOF
_jT-1215-F-2
942 _cFOLLETOS
999 _c102983
_d102983